000 00612nam a22001937a 4500
005 20241009123501.0
010 _aENG-142006
020 _c220.00
_a9789388909976
035 _aEN-125538
037 _bDBAD
082 _a158.1
_21
100 _aNedumaruthumchalil, GIlson
_972499
245 _aTOu Choose Your Destiny/
_cBy GIlson Nedumaruthumchalil
250 _a1
260 _bPavanatma Publishers pvt. ltd
_c2020
_aKozhikode
270 _bKozhikode
_e673016
_aParayanchery, Kuthiravattam
_k9746077500
_maatmabooks@gmail.com
300 _a223p.
_c21cm (pb)
942 _2ddc
_cEN
_h158.1
_kNED
999 _c206193
_d206193